Memorandum. Slovenská verejnosť ... berie v známosť, že vláda ČS Republiky mieni ... vybudovať centrálne stánky pre Vojenské Veleteľstvo Slovenska-

Bibliographic Details
Format: Book
Language:Slovak
PhysicalDescription:[8] s. 4°
Published: Turčiansky Sv. Martin [vydavateľ nie je známy] [po r. 1921]
Subjects:

MARC

LEADER 00000cam a2200000 a 4500
001 vtls010615480
003 SK-MaSNL
005 20260425230203.0
008 180812s1921 xo e 000 0 slo
035 |a A834D1DA-60CB-4E65-BD47-C3893C3A9EAE 
035 |a urn:nbn:sk:snk-amjz7w 
035 |a urn:nbn:sk:snk-am007y3y 
040 |a SNK  |b slo  |c SNK  |e AACR2 
041 0 |a slo 
043 |a e-xo--- 
044 |a xo  |c SK 
080 |a 355.331(437.6)  |2 1981 
245 0 0 |a Memorandum. Slovenská verejnosť ... berie v známosť, že vláda ČS Republiky mieni ... vybudovať centrálne stánky pre Vojenské Veleteľstvo Slovenska- 
260 |a Turčiansky Sv. Martin  |b [vydavateľ nie je známy]  |c [po r. 1921] 
300 |a [8] s.  |c 4° 
650 0 7 |a ozbrojené sily  |2 SNKPH  |9 1644 
651 7 |a Martin (Slovensko)  |2 SNKPH  |9 16875 
655 7 |a dokumenty  |2 sNKPH  |9 70482 
958 |a ONDV 
999 |c 668913  |d 670843 
952 |a SNK  |b SNK  |y PREZ  |7 0  |p 17A0972259  |o snkSB 28573  |i snkK 1579/79  |8 3  |0 0  |1 0  |4 0  |d 2014-08-21  |f 1  |l 0  |r 2026-02-23 19:18:32  |w 2026-02-23